00582nam a2200181Ia 4500008004000000020001800040082001300058100002000071245004900091260003500140300000800175440000600183650004400189690001400233906001200247999001900259952012200278210210b1977 xxu||||| |||| 00| 0 eng d a0 1402 0959 X a301 AROM aARON (Raymond). aMain currents in sociological thought. Vol.1 aNew York.bPenguin Booksc1977 a270 a1 aComte, Montesquieu, Marx, Tocqueville  aSociology aSG01572 c112671d112671 001040708SociologyaALbALcSociologyd2021-02-17g0.00l0o301 AROMpSG01572r2021-02-17 00:00:00w2021-02-17ySG